Statistiques concernant Culture Générale - Série 658

Cliquez ici pour prendre le quiz!

Statistiques générales

  • Ce quiz a été pris 136 fois
  • Le résultat moyen est 6 sur 10

Statistiques - réponses

QuestionRéponse% Correct
Quelle est la capitale du Canada ?Ottawa
97%
Complétez ce titre d'un livre de J.K. Rowling : "Harry Potter et la coupe de...feu
78%
Où est le bonheur, d'après le titre d'un film d'Étienne Chatiliez de 1995 ?dans le pré
76%
Quel chanteur interprète le tube "Et si tu n'existais pas" en 1976 ?Joe Dassin
71%
Pour quelle danse, le compositeur Johann Strauss fils, fut-il surnommé le "Prince" ?valse
70%
Trouvez un synonyme en 6 lettres et commençant par "b" du mot "lupanar" ?bordel
62%
Dans quel film Robin Williams intreprète-t-il un acteur divorcé, obligé de se travestir en gouvernante pour voir ses enfants ?Madame Doubtfire
62%
Quel est le nom de famille de Ron, le meilleur ami de Harry Potter dans les livres de J.K. Rowling ?Weasley
50%
Trouvez un synonyme en 5 lettres et commençant par "h" du mot "gynécée" ?harem
23%
Quelle chanteuse, prénommée Corinne, a gagné le concours Eurovision de la chanson en 1983 avec : "Si la vie est cadeau" ?Corinne Hermès
7%

Distribution des résultats

Percentile par nombre de réponses

% des personnes avec chaque résultat

Votre développement - résultats

Vous n’avez pas pris ce quiz